MDQL
is popping MORE tags! Check the
thread
!
Quizzes
Events
Quiz Creation
Community
Videos
Private Events
Remove Ads
Sign In
Join for FREE
Feedback
Dark Mode
Quiz Categories
Sports
Geography
Music
Movies
Television
Just For Fun
Miscellaneous
History
Literature
Language
Science
Gaming
Entertainment
Religion
Holiday
For Kids
Quiz Lab
Recent
Popular Today
Quiz Kudos Today
Editor Picks
Curator Picks
Quizzes by...
Day
Popularity
Type
Ratings
Length
Year
Community
Subscriptions
Recent Discussions
Orange Saloon
Badges
Playlists
Quests
Create
Leaderboards
Showdown
Live 5
Trivia Bingo
Activity
Puzzle Library
Sporcle Events
Private Events
Virtual Trivia
Globe League
Become a Host
Pub Owners
SporcleCon
Opinionation
Our Games
Videos
Blog
Mobile Apps
Partnerships
Remove Ads and Go Orange
Feedback
Sports
Athletes
MLB
NBA
NHL
NFL
Soccer
Sports Teams
WWE
NCAA
Football
Premier League
Basketball
Baseball
Hockey
Golf
Tennis
Cricket
Rugby
Auto Racing
Olympics
World Cup
Sports
Athletes
MLB
NBA
NHL
NFL
Soccer
Sports Teams
WWE
NCAA
Football
Premier League
Basketball
Baseball
Hockey
Golf
Tennis
Cricket
Rugby
Auto Racing
Olympics
World Cup
Random Quiz
Search Sporcle
×
Quiz Lab
Quiz Lab
Sports
NFL
Type in answers that appear in a list
Type in answers that appear in a list
Classic
Best Score? Go Orange.
2015 NFL Mock Draft - Post Combine Stats
Can you name the 2015 NFL First Round Mock Draft picks according to Bleacher Report - Post Combine?
By
quickdrawdoc
5m
32 Questions
548 Plays
548 Plays
548 Plays
Comments
Comments
Give Quiz Kudos
Give Quiz Kudos
-
- Ratings
hide this ad
More Info
Replay
Link that replays current quiz
Next Quiz
Link to next quiz in quiz playlist
You Got
0%
They Got
Avg Score
54%
Avg Friend Score
Upgrade to see
Score Distribution
Jump to the score distribution portion of the page
Score
0/32
Timer
05:00
0
Plays Today
#/Team
Player
% Correct
1/
Buccaneers
Jameis Winston
99.3%
6/
Jets
Marcus Mariota
96%
9/
Giants
Amari Cooper
88.5%
2/
Titans
Leonard Williams
84.9%
4/
Raiders
Kevin White
79.9%
26/
Ravens
Todd Gurley
71.7%
29/
Colts
Melvin Gordon
70.3%
3/
Jaguars
Randy Gregory
66.1%
11/
Vikings
DeVante Parker
65.7%
8/
Falcons
Shane Ray
65.3%
5/
Redskins
Dante Fowler Jr
65%
13/
Saints
Vic Beasley
62.8%
17/
Chargers
La'El Collins
62.8%
18/
Chiefs
Landon Collins
62.8%
20/
Eagles
Jalen Collins
62.8%
7/
Bears
Danny Shelton
58.4%
#/Team
Player
% Correct
10/
Rams
Brandon Scherff
52.7%
12/
Browns
Malcolm Brown
52%
16/
Texans
Alvin 'Bud' Dupree
49.6%
14/
Dolphins
Marcus Peters
48.4%
19/
Browns (from Buffalo)
Jaelen Strong
48.4%
30/
Packers
Trae Waynes
47.4%
15/
49ers
Dorial Green-Beckham
46.2%
21/
Bengals
Shaq Thompson
45.3%
23/
Lions
Arik Armstead
41.2%
28/
Broncos
Cameron Erving
35.2%
27/
Cowboys
Eddie Goldman
29.4%
25/
Panthers
D.J. Humphries
24.3%
32/
Patriots
Jake Fisher
23%
22/
Steelers
Ronald Darby
23%
24/
Cardinals
Eli Harold
21.9%
31/
Seahawks
Owa Odighizuwa
4.7%
Quiz Playlist
Details
Report
Send in Message
Add To Playlist
More Info:
Post NFL Scouting Combine 1st round only
Classic:
Type in answers that appear in a list
Quiz Source
Last Updated: Feb 16, 2017
Quiz Scoreboard
CHALLENGE
Sign Up to Join the Scoreboard
Show All
Scores
Hide
Comments
May contain spoilers
Recently Published
1-10 Letter E Words III
by El_Dandy
Language
2m
Street Fighter Characters
by Artimus82
Gaming
60s
College Basketball Coaching Resumes
by pancakes188
Sports
9m
More to Explore
Quiz From the Vault
Featured Blog Post
Where Did the Easter Bunny Come From?
hide this ad
You Might Also Like...
Tags
NFL Quiz
combine
Defensive Player
NFL 1st Round Picks
NFL Draft
NFL Player
Quarterbacks
Running Backs
Wide Receivers
Today's Top Quizzes in Sports
Browse Sports
hide this ad
Today's Top Quizzes in NFL
Browse NFL
Top Contributed Quizzes in Sports
1
2022 World Cup Stars
2
Les meilleurs buteurs des matchs entre le PSG et l’OM
3
FIFA Club World Cup Champions
4
Les entraîneurs de l'OM et du PSG au 21e siècle
5
Criteria MLB: Left Handed Sluggers
6
2023 MLB Unique Player Accomplishments
7
AFC Teams Reveal (Wrong Answers Minefield)
8
Players with Multiple 50 Home Run Seasons
9
5-to-1: FBS Animal Nicknames
10
5-to-1: UK Sports Teams
Explore More
Trending Topics
Harry Potter
Kpop
Disney
Anime
Marvel
NBA
Crossword
WWE
The Office
Country
Song
Soccer
NFL
Pokémon
Puzzle
hide this ad
More By:
quickdrawdoc
Quiz
Plays
Rating
Category
Featured
Created
Top 100 NFL Fantasy Football Point Leaders '13 season
9,053
4.59
Sports
May 22, 2014
Where they started: Active NBA players
6,909
4.00
Sports
Jun 1, 2013
Top 100 NFL Fantasy Football Point Leaders '14 season
2,313
4.75
Sports
Feb 23, 2015
Countries visited by Vladimir Putin
917
5.00
Geography
May 21, 2013
The world's 30 highest-paid athletes
644
4.33
Sports
Jun 6, 2013
Go to Creator's Profile
Score Distribution
Quiz Creator Spotlight
quickdrawdoc
Follow
Send a Message
Quizzes Created
-
Created Quiz Play Count
-
More By This Creator
Popular Quizzes Today
1
Find the US States - No Outlines Minefield
2
Find the Countries of Europe - No Outlines Minefield
3
The Countries of the World
4
Find the US States
5
Risky Map Clicking: Biggest States A-Z
6
US States
7
Popular People in 1961
8
Movies - When Are They Set?
More Sports Quizzes
Tour de France Stage 1 Winners since 2000
Quiz Lab
Trending Quizzes
Risky Map Clicking: Least Populous States A-Z
1-10 Letter G Words
1-10 Letter F Words
Countries of the World: 200 Million BC
Risky Map Clicking: Next State Alphabetically
Recently Updated
Beyoncé Albums
pecheneg
Leaping Animals
pecheneg
Reality TV Shows (A-Z)
bhenderson79
Rickey Henderson's Hall of Fame Teammates
pecheneg
Champions League XIs: Arsenal
pecheneg
Quick Pick: Celebrities in WWE's Hall of Fame
aduchscher
A-Z Keypad Blitz II
pecheneg
Multiple Oscar Actors
pecheneg
Mystery Phrase Blitz: Oscar 'Best Actors'
pecheneg
F. Scott Fitzgerald Novels
LTH
Trending Topics
Crossword
Kpop
Harry Potter
Anime
Disney
NBA
Marvel
Country
The Office
WWE
NFL
Song
Soccer
Puzzle
Pokémon
Your Account Isn't Verified!
In order to create a playlist on Sporcle, you need to verify the email address you used during registration. Go to your
Sporcle Settings
to finish the process.
Report this User
Report this user for behavior that violates our
Community Guidelines
.
Details:
Send Report
Go to the Sporcle.com Mobile Site →
Comments